THE FOURTH DIMONSION OF WARFARE INTELLIGENCE SUBVERSION RESISTANCE (Record no. 582240)
[ view plain ]
| 000 -LEADER | |
|---|---|
| fixed length control field | 00320nam a22001097a 4500 |
| 082 ## - DEWEY DECIMAL CLASSIFICATION NUMBER | |
| Classification number | 355.02 BRA'F |
| 100 ## - MAIN ENTRY--PERSONAL NAME | |
| Personal name | BRANDER, S. G. F,RAYMOND, HENRI,FOOT, M. R. D |
| 9 (RLIN) | 76932 |
| 245 ## - TITLE STATEMENT | |
| Title | THE FOURTH DIMONSION OF WARFARE INTELLIGENCE SUBVERSION RESISTANCE |
| 260 ## - PUBLICATION, DISTRIBUTION, ETC. | |
| Place of publication, distribution, etc. | LONDON |
| Name of publisher, distributor, etc. | MANCHESTER |
| Date of publication, distribution, etc. | 1970 |
| 300 ## - PHYSICAL DESCRIPTION | |
| Extent | VOL-1 |
| 942 ## - ADDED ENTRY ELEMENTS (KOHA) | |
| Koha item type | Book |
| Withdrawn status | Lost status | Damaged status | Not for loan | Permanent Location | Current Location | Shelving location | Date acquired | Total Checkouts | Full call number | Barcode | Date last seen | Price effective from | Koha item type |
|---|---|---|---|---|---|---|---|---|---|---|---|---|---|
| College of Electrical & Mechanical Engineering (CEME) | College of Electrical & Mechanical Engineering (CEME) | General Stacks | 06/02/2017 | 355.02 BRA'F | CEME-10693 | 06/28/2021 | 06/28/2021 | Book |
